Fade to Black - Metallica (Lyrics quiz) - Statistics

General Stats
  • This quiz has been taken 25 times
  • The average score is 90 of 126
Answer Stats
Answer % Correct
I
100%
away
94%
fade
94%
me
94%
no
94%
No
94%
one
94%
to
94%
To
94%
will
94%
day
88%
else
88%
every
88%
give
88%
have
88%
it
88%
Life
88%
live
88%
lost
88%
more
88%
myself
88%
not
88%
Nothing
88%
nothing
88%
Simply
88%
Drifting
81%
further
81%
Getting
81%
is
81%
now
81%
Now
81%
seems
81%
the
81%
There
81%
within
81%
but
75%
end
75%
for
75%
goodbye
75%
late
75%
matters
75%
save
75%
can
69%
can't
69%
free
69%
it's
69%
say
69%
set
69%
too
69%
Death
63%
just
63%
agony
56%
greets
56%
Need
56%
think
56%
this
56%
warm
56%
why
56%
be
50%
Emptiness
50%
of
50%
point
50%
real
50%
try
50%
was
50%
as
44%
darkness
44%
Deathly
44%
even
44%
existed
44%
feel
44%
filling
44%
gone
44%
he's
44%
never
44%
should
44%
stand
44%
Yesterday
44%
Cannot
38%
hell
38%
though
38%
Growing
31%
inside
31%
Missing
31%
taking
31%
they
31%
Things
31%
used
31%
what
31%
dawn
25%
No matching quizzes found
Score Distribution
Percent of People with Each Score
Percentile by Number Answered
Your Score History
You have not taken this quiz